My Tears Are Becoming A Sea - M83 - All Lyrics - Statistics

General Stats
  • This quiz has been taken 11 times
  • The average score is 17 of 27
Answer Stats
Answer % Correct
I'm
89%
I'm
89%
I'm
89%
I'm
89%
my
89%
way
89%
you
89%
you
89%
A
78%
on
78%
on...
78%
on...
78%
to
78%
drifting
67%
slowly
67%
are
56%
The
56%
the
56%
and
44%
away
44%
stars
44%
calling
33%
from
33%
me
33%
planets
33%
years
33%
billion
22%
No matching quizzes found
Score Distribution
Percent of People with Each Score
Percentile by Number Answered
Your Score History
You have not taken this quiz